| 000 | 00358cam a2200145ua 4500 | ||
|---|---|---|---|
| 041 |
_aeng _h |
||
| 082 |
_a826 _bRAW/NE |
||
| 100 | _aRawson, Geoffrey . | ||
| 245 |
_aNelson`s letters / _cGeoffrey Rawson. _hTextual Documents |
||
| 260 |
_aLondon : _bJ M Dent and Sons Ltd , _c1960. |
||
| 300 | _a500 ; . | ||
| 504 | _a | ||
| 942 | _cBK | ||
| 999 |
_c4721 _d4721 |
||